Statistics for British Politicians Who Never Became PM

Click here to take the quiz!

General Stats

  • This quiz has been taken 81 times
  • The average score is 8 of 15

Answer Stats

Answer% Correct
David Miliband
85%
Neil Kinnock
84%
Michael Foot
81%
Michael Heseltine
78%
Michael Portillo
78%
Enoch Powell
73%
Kenneth Clarke
70%
Roy Jenkins
59%
Denis Healey
58%
Tony Benn
51%
Hugh Gaitskell
26%
Rab Butler
26%
Austen Chamberlain
22%
Edward Wood, 1st Earl of Halifax
14%
Herbert Morrison
14%

Score Distribution

Percentile by Number Answered

Percent of People with Each Score

Your Score History

You have not taken this quiz